Normal view
MARC view
Entry Uniform Title
001 - CONTROL NUMBER
- control field: 20232
003 - CONTROL NUMBER IDENTIFIER
- control field: dpl
005 - DATE AND TIME OF LATEST TRANSACTION
- control field: 20100915154836.0
008 - FIXED-LENGTH DATA ELEMENTS
- fixed length control field: 100915|||a|||||| | ||| d
040 ## - CATALOGING SOURCE
- Original cataloging agency: dpl
- Transcribing agency: dpl
130 ## - HEADING--UNIFORM TITLE
- Uniform title: Memories of greatness- Vol.3
670 ## - SOURCE DATA FOUND
- Source citation: Work cat.: (dpl)46027: 17455 Saigal, K. L., The goldan voice of K. L. Saigal /, 1963
670 ## - SOURCE DATA FOUND
- Source citation: Work cat.: (dpl)46027: 17455 Saigal, K. L., The goldan voice of K. L. Saigal /, 1963
